[Event "Fourmies op 37th"]
[Site "Fourmies"]
[Date "2013.05.18"]
[Round "1"]
[White "Ionescu, Doru Alexandru"]
[Black "Bruno, Ricardo"]
[Result "0-1"]
[WhiteElo "2351"]
[BlackElo "1887"]
[PlyCount "63"]
[EventDate "2013.05.18"]
[EventType "swiss"]
[EventRounds "7"]
[EventCountry "FRA"]
[SourceTitle "CBM 154 Extra"]
[Source "ChessBase"]
[SourceDate "2013.06.25"]
[SourceVersion "2"]
[SourceVersionDate "2013.06.25"]
[SourceQuality "1"]

1. e4 c5 2. Nf3 d6 3. d4 cxd4 4. Nxd4 Nf6 5. Nc3 g6 6. Be2 Bg7 7. 0-0 0-0 8. Nb3 Nc6 9. Bg5 Be6 10. Re1 a5 11. Bb5 Ne5 12. Nd5 Bxd5 13. exd5 a4 14. Nc1 Qb6 15. c4 a3 16. b3 Nfg4 17. Bh4 g5 18. Bg3 f5 19. h3 f4 20. Bh4 gxh4 21. hxg4 f3 22. Nd3 Nxd3 23. Qxd3 fxg2 24. Qe3 Qxe3 25. fxe3 Bxa1 26. Rxa1 Rf1+ 27. Rxf1 gxf1Q+ 28. Kxf1 Rf8+ 29. Kg2 h3+ 30. Kxh3 Rf2 31. b4 Rb2 32. c5 0-1

[Event "ROM-chT"]
[Site "Brasov"]
[Date "2011.10.14"]
[Round "7.4"]
[White "Miroiu, George Catalin"]
[Black "Ionescu, Doru Alexandru"]
[Result "1-0"]
[WhiteElo "2281"]
[BlackElo "2368"]
[PlyCount "109"]
[EventDate "2011.10.08"]
[EventType "team-tourn"]
[EventRounds "9"]
[EventCountry "ROU"]
[SourceTitle "CBM 144 Extra"]
[Source "ChessBase"]
[SourceDate "2011.10.28"]
[SourceVersion "1"]
[SourceVersionDate "2011.10.28"]
[SourceQuality "1"]
[WhiteTeam "Ploiesti Conpet"]
[BlackTeam "Ploiesti Universitar"]
[WhiteTeamCountry "ROU"]
[BlackTeamCountry "ROU"]

1. d4 Nf6 2. c4 c5 3. d5 e6 4. Nc3 exd5 5. cxd5 d6 6. Nf3 g6 7. g3 Bg7 8. Bg2 0-0 9. 0-0 a6 10. a4 Re8 11. Nd2 Nbd7 12. a5 Rb8 13. Nc4 Ne5 14. Nb6 Bd7 15. f4 Neg4 16. e4 Nh5 17. Bf3 Bd4+ 18. Kg2 Nhf6 19. Qd3 h5 20. h3 Nh6 21. Re1 h4 22. Nxd7 Nxd7 23. g4 f5 24. Bd2 fxg4 25. hxg4 h3+ 26. Kxh3 Bf2 27. g5 Bxe1 28. Rxe1 Nf7 29. e5 Ndxe5 30. fxe5 Nxe5 31. Rxe5 Rxe5 32. Qxg6+ Kh8 33. Qh6+ Kg8 34. Bg4 Qf8 35. Be6+ Rxe6 36. Qxe6+ Kh8 37. Kg4 Re8 38. Qf6+ Qxf6 39. gxf6 Kh7 40. Bf4 Kg6 41. Bxd6 Kxf6 42. Bxc5 Kg6 43. Bd6 Kf6 44. Bc5 Ke5 45. Bf2 Rf8 46. Bg3+ Kd4 47. Bh4 Rf7 48. Kg5 Rh7 49. Bf2+ Ke5 50. Bg3+ Kd4 51. Kf6 Kc5 52. Be5 b5 53. axb6 Kxb6 54. Ke6 Kc5 55. Ne4+ 1-0

[Event "ROM-chT"]
[Site "Brasov"]
[Date "2011.10.13"]
[Round "6.3"]
[White "Ionescu, Doru Alexandru"]
[Black "Grozav, Valeriu Gheorghe"]
[Result "1-0"]
[WhiteElo "2368"]
[BlackElo "2166"]
[PlyCount "53"]
[EventDate "2011.10.08"]
[EventType "team-tourn"]
[EventRounds "9"]
[EventCountry "ROU"]
[SourceTitle "CBM 144 Extra"]
[Source "ChessBase"]
[SourceDate "2011.10.28"]
[SourceVersion "1"]
[SourceVersionDate "2011.10.28"]
[SourceQuality "1"]
[WhiteTeam "Ploiesti Universitar"]
[BlackTeam "Resita Muncitorul"]
[WhiteTeamCountry "ROU"]
[BlackTeamCountry "ROU"]

1. d4 Nf6 2. Bg5 c5 3. Bxf6 gxf6 4. d5 Qb6 5. Qc1 f5 6. e3 Bg7 7. c3 Qg6 8. Ne2 0-0 9. g3 e5 10. a4 Na6 11. Na3 Nc7 12. Bg2 d6 13. 0-0 b6 14. Qc2 Ba6 15. Rfe1 Qh5 16. Qd2 Rfe8 17. b4 Bf8 18. b5 Bb7 19. a5 Qg6 20. Reb1 Bh6 21. Nc4 f4 22. exf4 exf4 23. Nxf4 bxa5 24. Nxg6 Bxd2 25. Nxd2 hxg6 26. c4 a6 27. b6 1-0

[Event "ROM-chT"]
[Site "Brasov"]
[Date "2011.10.11"]
[Round "4.4"]
[White "Ionescu, Doru Alexandru"]
[Black "Spulber, Cicirone"]
[Result "1/2-1/2"]
[WhiteElo "2368"]
[BlackElo "2239"]
[PlyCount "45"]
[EventDate "2011.10.08"]
[EventType "team-tourn"]
[EventRounds "9"]
[EventCountry "ROU"]
[SourceTitle "CBM 144 Extra"]
[Source "ChessBase"]
[SourceDate "2011.10.28"]
[SourceVersion "1"]
[SourceVersionDate "2011.10.28"]
[SourceQuality "1"]
[WhiteTeam "Ploiesti Universitar"]
[BlackTeam "Techirghiol Victoria"]
[WhiteTeamCountry "ROU"]
[BlackTeamCountry "ROU"]

1. e4 d5 2. exd5 Qxd5 3. Nc3 Qd6 4. g3 Nf6 5. Bg2 c6 6. Nge2 Bf5 7. 0-0 e6 8. d4 Qc7 9. h3 Bd6 10. a4 a5 11. g4 Bg6 12. f4 Na6 13. Bd2 Nb4 14. Rc1 0-0-0 15. Be1 Rd7 16. Bg3 h5 17. g5 Nfd5 18. Qd2 h4 19. Bh2 f6 20. gxf6 Nxf6 21. Kh1 Bf5 22. Rfe1 Nbd5 23. Rf1 1/2-1/2

[Event "Campobasso op 18th"]
[Site "Campobasso "]
[Date "2011.07.24"]
[Round "5"]
[White "Bottega, Antonio"]
[Black "Ionescu, Doru Alexandru"]
[Result "0-1"]
[WhiteElo "1959"]
[BlackElo "2376"]
[PlyCount "82"]
[EventDate "2011.08.06"]
[EventType "swiss"]
[EventRounds "6"]
[EventCountry "ITA"]
[SourceTitle "EXT 2014"]
[Source "ChessBase"]
[SourceDate "2013.11.20"]
[SourceVersion "1"]
[SourceVersionDate "2013.11.20"]
[SourceQuality "1"]

1. d4 g6 2. e4 Bg7 3. Nc3 c5 4. Nf3 Qa5 5. Qd3 Nf6 6. Qb5 Qxb5 7. Nxb5 Na6 8. e5 Nd5 9. c3 cxd4 10. Nbxd4 0-0 11. Bc4 Nac7 12. Bg5 h6 13. Bd2 b6 14. 0-0 Bb7 15. Rae1 Rac8 16. Nh4 Ne6 17. Nxe6 dxe6 18. Bxd5 Bxd5 19. f4 Bxa2 20. Ra1 Bc4 21. Rfe1 a6 22. Be3 Rb8 23. Nf3 a5 24. Nd4 Rfc8 25. b3 Bd5 26. c4 Ba8 27. Nb5 g5 28. Red1 gxf4 29. Bxf4 Rc5 30. Ra2 Bxe5 31. Be3 Rcc8 32. Bxh6 f6 33. Rad2 Kf7 34. Be3 a4 35. Na7 Rh8 36. bxa4 Bxh2+ 37. Kf2 Rbg8 38. Kf1 Be5 39. Bxb6 Rh1+ 40. Ke2 Rxg2+ 41. Kd3 Rh3+ 0-1

[Event "Campobasso op 18th"]
[Site "Campobasso "]
[Date "2011.07.23"]
[Round "4"]
[White "Ionescu, Doru Alexandru"]
[Black "Marmili, Giulio"]
[Result "1/2-1/2"]
[WhiteElo "2376"]
[BlackElo "2165"]
[PlyCount "136"]
[EventDate "2011.08.06"]
[EventType "swiss"]
[EventRounds "6"]
[EventCountry "ITA"]
[SourceTitle "EXT 2014"]
[Source "ChessBase"]
[SourceDate "2013.11.20"]
[SourceVersion "1"]
[SourceVersionDate "2013.11.20"]
[SourceQuality "1"]

1. e4 c5 2. d3 d5 3. Nd2 Nc6 4. Ngf3 Nf6 5. g3 dxe4 6. dxe4 e5 7. c3 a6 8. a4 Be6 9. Bg2 Qd3 10. Qe2 Qxe2+ 11. Kxe2 h6 12. Ne1 Bd6 13. Nc2 0-0 14. Ne3 b5 15. Nd5 Nd7 16. Rd1 Rfc8 17. Nf1 Bf8 18. Be3 Rab8 19. axb5 Rxb5 20. Ra2 Rcb8 21. Rxa6 Rxb2+ 22. Nd2 Nb6 23. Kd3 Bc8 24. Rxb6 R8xb6 25. Nxb6 Rxb6 26. Kc2 Ra6 27. Bf1 Ra2+ 28. Kb1 Ra8 29. Nb3 Bg4 30. Re1 Rb8 31. Kc2 Rc8 32. Nxc5 Bf3 33. Bd3 Nd4+ 34. cxd4 exd4 35. Bxd4 Bxc5 36. Bxc5 Rxc5+ 37. Kd2 g6 38. Ra1 Rc7 39. Ra4 h5 40. h4 Bg4 41. Bc4 Re7 42. Ra6 Kg7 43. Ke3 Bc8 44. Ra5 Be6 45. Bd3 Rb7 46. Ra3 Rb3 47. Rxb3 Bxb3 48. Kd4 Kf6 49. f4 Bd1 50. Kd5 Ke7 51. Kd4 Kf6 52. Ke3 Bg4 53. Be2 Bc8 54. Kd4 Bd7 55. Kd5 Ke7 56. Ke5 f6+ 57. Kd5 Be6+ 58. Kd4 Bd7 59. Bc4 Ba4 60. Kd5 Bc2 61. e5 Bf5 62. Kd4 Bc8 63. Bg8 Bf5 64. Bb3 Bd7 65. Bc2 Be8 66. f5 gxf5 67. Bxf5 fxe5+ 68. Kxe5 Kf7 1/2-1/2

[Event "Campobasso op 18th"]
[Site "Campobasso "]
[Date "2011.07.22"]
[Round "2"]
[White "Ionescu, Doru Alexandru"]
[Black "Gatti, Francesco"]
[Result "1-0"]
[WhiteElo "2376"]
[BlackElo "1790"]
[PlyCount "63"]
[EventDate "2011.08.06"]
[EventType "swiss"]
[EventRounds "6"]
[EventCountry "ITA"]
[SourceTitle "EXT 2014"]
[Source "ChessBase"]
[SourceDate "2013.11.20"]
[SourceVersion "1"]
[SourceVersionDate "2013.11.20"]
[SourceQuality "1"]

1. e4 c5 2. Nf3 d6 3. d4 cxd4 4. Nxd4 Nf6 5. Nc3 a6 6. Bc4 e6 7. Bb3 b5 8. 0-0 Be7 9. Qf3 Qc7 10. Qg3 Bb7 11. Bxe6 fxe6 12. Nxe6 Qb6 13. Nxg7+ Kf7 14. Nf5 Bf8 15. Be3 Qc6 16. Rad1 Rg8 17. Qh3 Nbd7 18. Nd4 Qc4 19. f3 Re8 20. Nf5 Qc6 21. Rd4 Re6 22. Rfd1 Nb6 23. Nd5 Nbd7 24. Nf4 Re5 25. c3 Ke8 26. Nxd6+ Bxd6 27. Rxd6 Qc8 28. Bd4 Rgg5 29. Ne6 Ke7 30. Nxg5 Kxd6 31. Bxe5+ Kxe5 32. Qf5# 1-0

[Event "ROM-chT"]
[Site "Eforie Nord"]
[Date "2009.09.21"]
[Round "3"]
[White "Ciobanu, Viorel Adrian"]
[Black "Ionescu, Doru Alexandru"]
[Result "0-1"]
[WhiteElo "2261"]
[BlackElo "2388"]
[PlyCount "70"]
[EventDate "2009.09.19"]
[EventType "team"]
[EventRounds "9"]
[EventCountry "ROU"]
[SourceTitle "CBM 132 Extra"]
[Source "ChessBase"]
[SourceDate "2009.11.03"]
[SourceVersion "1"]
[SourceVersionDate "2009.11.03"]
[SourceQuality "1"]

1. e4 c5 2. Nf3 g6 3. d4 Bg7 4. Nc3 Qa5 5. dxc5 Nf6 6. Bd3 Qxc5 7. 0-0 0-0 8. Qe2 Nc6 9. Be3 Qh5 10. Rad1 d6 11. Nd5 Bg4 12. h3 Bxf3 13. gxf3 Nxd5 14. exd5 Nb4 15. Kg2 Nxd5 16. Bc4 Nxe3+ 17. fxe3 Rac8 18. Rd5 Qh4 19. f4 Bxb2 20. Rb5 Ba3 21. Rxb7 Bc5 22. Bb3 Bb6 23. Rf3 Rc3 24. Rg3 e6 25. Qd2 Rfc8 26. Rb8 Rxb8 27. Qxc3 d5 28. Qe5 Rc8 29. Qd6 Rc3 30. Qb8+ Kg7 31. Qe5+ Qf6 32. Qxf6+ Kxf6 33. Kf2 h6 34. Ke2 d4 35. Rf3 dxe3 0-1